000 00299nam a22001337a 4500
008 211013b ||||| |||| 00| 0 eng d
041 _aeng
080 _a617
082 _a617
100 _a5
101 _aKIR
245 _aComplications of Intrathoracic Surgery
_cCordell,R.A
942 _2udc
_cBK
999 _c58196
_d58196